[Event "Cannes op"]
[Site "Cannes"]
[Date "1998.??.??"]
[Round "3"]
[White "Bergez, Luc"]
[Black "Boudre, Jean Pierre"]
[Result "1/2-1/2"]
[WhiteElo "2380"]
[BlackElo "2380"]
[PlyCount "43"]
[EventDate "1998.02.21"]
[EventType "swiss"]
[EventRounds "9"]
[EventCountry "FRA"]
[Source "Fruth,M"]
[SourceDate "2003.05.15"]

1. e4 e5 2. Nf3 Nc6 3. Bc4 Nf6 4. Ng5 d5 5. exd5 Nd4 6. c3 b5 7. cxd4 bxc4 8.
Qa4+ Qd7 9. Qxc4 Qxd5 10. Qxd5 Nxd5 11. Nc3 Nb4 12. O-O Nc2 13. Nd5 Bd6 14.
dxe5 Bxe5 15. Rb1 Ba6 16. d3 Rd8 17. Nf4 O-O 18. Nf3 Bd6 19. Bd2 Rfe8 20. Rbc1
Nb4 21. Bxb4 Bxf4 22. Bd2 1/2-1/2

[Event "Paks 09 GM IT"]
[Site "Paks"]
[Date "1999.09.24"]
[Round "4"]
[White "Groszpeter, Attila"]
[Black "Acs, Peter"]
[Result "1/2-1/2"]
[WhiteElo "2480"]
[BlackElo "2525"]
[PlyCount "53"]
[EventDate "1999.09.21"]
[EventType "tourn"]
[EventRounds "9"]
[EventCountry "HUN"]
[EventCategory "10"]
[Source "Fruth,M"]
[SourceDate "2003.05.15"]

1. e4 e5 2. Nf3 Nc6 3. Bc4 Nf6 4. Ng5 d5 5. exd5 Nd4 6. c3 b5 7. Bf1 Nxd5 8.
Nxf7 Kxf7 9. cxd4 exd4 10. Qf3+ Nf6 11. Bxb5 Be6 12. O-O Rb8 13. Be2 Rb4 14. b3
Bd6 15. Ba3 Bg4 16. Qd3 Bxe2 17. Qxe2 d3 18. Qf3 Rf4 19. Qc6 Be5 20. Nc3 Re8
21. Rac1 Re6 22. Qb7 Rb6 23. Qxa7 Bd4 24. Nd1 Rc6 25. Qa5 Rxc1 26. Bxc1 Bb6 27.
Qe5 1/2-1/2

[Event "David Lodge mem corr T"]
[Site "BFCC e-mail"]
[Date "2000.07.15"]
[Round "?"]
[White "Arppi, Heikki"]
[Black "Marin Solano, Jesus"]
[Result "1-0"]
[WhiteElo "2344"]
[BlackElo "2411"]
[PlyCount "65"]
[EventDate "2000.07.15"]
[EventType "tourn (corr)"]
[EventRounds "15"]
[EventCountry "ENG"]
[EventCategory "5"]
[Source "Fruth,M"]
[SourceDate "2003.05.15"]

1. e4 e5 2. Nf3 Nc6 3. Bc4 Nf6 4. Ng5 d5 5. exd5 Nd4 6. c3 b5 7. Bf1 Nxd5 8.
cxd4 Qxg5 9. Bxb5+ Kd8 10. Qf3 Bb7 11. O-O Rb8 12. dxe5 Nb4 13. d4 Qg6 14. d5
Bxd5 15. Rd1 Rxb5 16. Nc3 Qc6 17. Qf5 Be7 18. a3 Ra5 19. Bg5 h6 20. Rab1 Qe6
21. Qxe6 fxe6 22. axb4 Ra6 23. b5 Ra5 24. b4 Ra3 25. Nxd5 Bxg5 26. Nf4+ Kc8 27.
Nxe6 Re8 28. Nxg5 hxg5 29. Rd5 Ra2 30. Re1 g4 31. Rdd1 Rf8 32. Re4 g3 33. f4
1-0

[Event "Saint Vincent op 9"]
[Site "Saint Vincent"]
[Date "2001.02.05"]
[Round "3"]
[White "Sermek, Drazen"]
[Black "Olarasu, Gabriela"]
[Result "1-0"]
[WhiteElo "2515"]
[BlackElo "2347"]
[PlyCount "69"]
[EventDate "2001.01.??"]
[EventType "swiss"]
[EventRounds "9"]
[EventCountry "FRA"]
[Source "Fruth,M"]
[SourceDate "2003.05.15"]

1. e4 e5 2. Nf3 Nc6 3. Bc4 Nf6 4. Ng5 d5 5. exd5 Nd4 6. c3 b5 7. Bf1 Nxd5 8.
Ne4 Ne6 9. Bxb5+ Bd7 10. Bxd7+ Qxd7 11. Qf3 Be7 12. O-O O-O 13. Ng3 g6 14. Re1
f6 15. d3 Rad8 16. Bh6 Rf7 17. a4 c5 18. Na3 Qxa4 19. Nc4 Qd7 20. Ra6 Ndc7 21.
Rxa7 Qxd3 22. Qxd3 Rxd3 23. Ne4 Rd8 24. f3 Bf8 25. Bxf8 Rfxf8 26. Nxc5 Nxc5 27.
Rxc7 Nd3 28. Rd1 Nf4 29. Rdd7 Rxd7 30. Rxd7 Rb8 31. Kf2 f5 32. Rd2 Rb5 33. g3
Nh3+ 34. Kg2 Ng5 35. Nxe5 1-0

[Event "DEN-ch"]
[Site "Greve"]
[Date "2002.03.25"]
[Round "3"]
[White "Pilgaard, Kim"]
[Black "Pedersen, Nicolai Vesterbaek"]
[Result "1-0"]
[WhiteElo "2400"]
[BlackElo "2441"]
[PlyCount "99"]
[EventDate "2002.03.23"]
[EventType "tourn"]
[EventRounds "9"]
[EventCountry "DEN"]
[EventCategory "8"]
[Source "Fruth,M"]
[SourceDate "2003.05.15"]

1. e4 e5 2. Nf3 Nc6 3. Bc4 Nf6 4. Ng5 d5 5. exd5 Nd4 6. c3 b5 7. Bf1 Nxd5 8.
Ne4 Qh4 9. Ng3 Bg4 10. f3 e4 11. cxd4 Bd6 12. Bxb5+ Kd8 13. Qb3 Bxg3+ 14. Kd1
Be6 15. Bc6 exf3 16. Bxd5 fxg2 17. Qxg3 gxh1=Q+ 18. Bxh1 Qxg3 19. hxg3 Rb8 20.
d3 h5 21. Kc2 f6 22. d5 Bg4 23. Be3 h4 24. gxh4 Rxh4 25. Nd2 Kd7 26. Be4 f5 27.
Bg2 Rh2 28. Rg1 Rg8 29. Kc3 g5 30. Nc4 Be2 31. Ne5+ Kc8 32. Bxa7 f4 33. Be4 g4
34. Bd4 Rh5 35. Ng6 Rxg6 36. Bxg6 Rg5 37. Be4 g3 38. Bf6 Rh5 39. Bd4 Rg5 40.
Kd2 f3 41. Ke3 f2 42. Kxe2 fxg1=N+ 43. Bxg1 Kd7 44. Kf1 Kd6 45. Be3 Rg4 46. Kg2
Ke5 47. Kf3 Rg7 48. Bf4+ Kd4 49. Bxg3 c5 50. dxc6 1-0

[Event "Gent op 25"]
[Site "Gent"]
[Date "2002.??.??"]
[Round "4"]
[White "Lee, Graham D"]
[Black "Iuldachev, Saidali"]
[Result "0-1"]
[WhiteElo "2361"]
[BlackElo "2516"]
[PlyCount "102"]
[EventDate "2002.07.??"]
[EventType "swiss"]
[EventRounds "8"]
[EventCountry "BEL"]
[Source "Fruth,M"]
[SourceDate "2003.05.15"]

1. e4 e5 2. Nf3 Nc6 3. Bc4 Nf6 4. Ng5 d5 5. exd5 Nd4 6. c3 b5 7. Bf1 Nxd5 8.
cxd4 Qxg5 9. Bxb5+ Kd8 10. Qf3 Bb7 11. O-O Rb8 12. Nc3 exd4 13. d3 Ne3 14. Bc6
Qxg2+ 15. Qxg2 Nxg2 16. Bxg2 Bxg2 17. Kxg2 dxc3 18. bxc3 Bd6 19. Be3 a6 20.
Rab1 Kd7 21. Ba7 Rb5 22. Rxb5 axb5 23. Bd4 Ra8 24. Rb1 c5 25. Be3 Kc6 26. Rb2
Ra3 27. Rc2 f5 28. h3 Be7 29. Bc1 Ra8 30. c4 b4 31. Kf3 Bf6 32. Bf4 Rd8 33. Ke2
g5 34. Bg3 g4 35. hxg4 fxg4 36. Rc1 Ra8 37. Rc2 Ra3 38. Bf4 h5 39. Bc1 Ra8 40.
Bf4 Rf8 41. Be3 h4 42. Rd2 Bc3 43. Rc2 h3 44. Kf1 Rd8 45. Rc1 Rxd3 46. Ke2 Rd7
47. Rg1 h2 48. Rh1 Be5 49. f4 gxf3+ 50. Kxf3 Ra7 51. Ke4 Bd6 {opgave} 0-1

[Event "Budapest FS05 GM IT"]
[Site "Budapest"]
[Date "2003.05.05"]
[Round "3"]
[White "Pilgaard, Kim"]
[Black "Biro, Sandor"]
[Result "1-0"]
[WhiteElo "2440"]
[BlackElo "2334"]
[PlyCount "99"]
[EventDate "2003.05.03"]
[EventType "tourn"]
[EventRounds "13"]
[EventCountry "HUN"]
[EventCategory "8"]
[Source "Fruth,M"]
[SourceDate "2003.05.15"]

1. e4 e5 2. Nf3 Nc6 3. Bc4 Nf6 4. Ng5 d5 5. exd5 Nd4 6. c3 b5 7. Bf1 Nxd5 8.
Ne4 Ne6 9. Bxb5+ Bd7 10. Bxd7+ Qxd7 11. O-O Be7 12. d4 exd4 13. cxd4 Nb6 14.
Be3 Rd8 15. Nbc3 Nxd4 16. Bxd4 Qxd4 17. Qe2 O-O 18. Rac1 Rfe8 19. Nb5 Qe5 20.
Nec3 Qxe2 21. Nxe2 Bg5 22. Rc2 c5 23. Nxa7 Ra8 24. Nb5 Rxa2 25. Nec3 Ra5 26.
Nd6 Rb8 27. Re1 Bf6 28. g3 g6 29. Rce2 Na4 30. Nd5 Kg7 31. Nxf6 Kxf6 32. Re7
Rf8 33. Rb7 Raa8 34. Ne4+ Kf5 35. b3 Nb2 36. Re7 Nd3 37. Re3 Rad8 38. Rf3+ Kg4
39. Nf6+ Kh3 40. Re4 Rd4 41. Rxd4 cxd4 42. Rxd3 Rc8 43. g4+ Kh4 44. Rxd4 Rc3
45. Kg2 Rxb3 46. Nxh7 g5 47. Nf6 Rh3 48. Nd5 f5 49. gxf5+ g4 50. Ne3 1-0

[Event "Montreal-B 5th"]
[Site "Montreal"]
[Date "2004.08.13"]
[Round "9"]
[White "Barbeau, Sylvain"]
[Black "Garcia, Gildardo"]
[Result "1-0"]
[WhiteElo "2404"]
[BlackElo "2461"]
[PlyCount "89"]
[EventDate "2004.08.04"]
[EventType "tourn"]
[EventRounds "11"]
[EventCountry "CAN"]
[EventCategory "8"]
[Source "ChessBase"]
[SourceDate "2004.09.01"]

1. e4 e5 2. Nf3 Nc6 3. Bc4 Nf6 4. Ng5 d5 5. exd5 Nd4 6. c3 b5 7. Bf1 Nxd5 8.
Ne4 Qh4 9. Ng3 Bg4 10. f3 e4 11. cxd4 Bd6 12. Bxb5+ Kd8 13. Qb3 Bxg3+ 14. Kd1
Be6 15. Bc6 exf3 16. Bxd5 fxg2 17. Qxg3 gxh1=Q+ 18. Bxh1 Qxg3 19. hxg3 Rb8 20.
Nc3 h5 21. d3 h4 22. gxh4 f6 23. Kc2 Rxh4 24. Bd2 Rh2 25. Re1 Rb6 26. Na4 Rd6
27. Nc5 Bd5 28. Be4 Bxe4 29. dxe4 Ke7 30. Kc3 Rh3+ 31. Kc4 Rh4 32. Rg1 Kf7 33.
Ba5 Rd8 34. d5 Rc8 35. Kb5 Rb8+ 36. Kc6 Rxb2 37. Rc1 Rxa2 38. Bxc7 Rd2 39. d6
g5 40. Rf1 Kg6 41. d7 Rh8 42. Ne6 Kf7 43. d8=Q Rhxd8 44. Nxd8+ Ke7 45. Nb7 1-0

[Event "Capablanca mem Premier II 40th"]
[Site "Havana"]
[Date "2005.05.16"]
[Round "10"]
[White "Schilow, Wladimir"]
[Black "Estremera Panos, Sergio"]
[Result "1-0"]
[WhiteElo "2425"]
[BlackElo "2385"]
[PlyCount "127"]
[EventDate "2005.05.06"]
[EventType "tourn"]
[EventRounds "13"]
[EventCountry "CUB"]
[EventCategory "8"]
[Source "ChessBase"]
[SourceDate "2005.07.11"]

1. e4 e5 2. Nf3 Nc6 3. Bc4 Nf6 4. Ng5 d5 5. exd5 Nd4 6. c3 b5 7. Bf1 Nxd5 8. h4
Nf5 9. Bxb5+ Bd7 10. Bxd7+ Qxd7 11. d3 Be7 12. Qg4 h6 13. Nf3 Bf6 14. h5 O-O-O
15. O-O Rhe8 16. Na3 Nb6 17. Nd2 Nh4 18. Qxd7+ Rxd7 19. Ne4 Be7 20. Nc4 Bf8 21.
g3 Nf5 22. Ne3 Ne7 23. Nc5 Rdd8 24. Rd1 Ned5 25. Ne4 Nxe3 26. fxe3 f5 27. Nf2
g6 28. Kg2 g5 29. e4 f4 30. b3 Nd7 31. Ng4 Nc5 32. Nf2 Nd7 33. g4 Nf6 34. Bb2
Bc5 35. d4 exd4 36. cxd4 Bb6 37. Kf3 Kb7 38. Rac1 Rd7 39. d5 Nxd5 40. exd5 Re3+
41. Kg2 Rg3+ 42. Kf1 Bxf2 43. Kxf2 Rxg4 44. Rg1 Rh4 45. Rh1 Rxh1 46. Rxh1 Rxd5
47. Kf3 Rd3+ 48. Ke4 Rg3 49. Kf5 f3 50. Bg7 g4 51. Kf4 Rg2 52. Bd4 f2 53. Rf1
g3 54. Kf3 Rh2 55. Kxg3 Rxh5 56. Rxf2 Rd5 57. Be3 Rd3 58. Kf3 a5 59. Ke4 Rc3
60. Kd4 Rc6 61. Rh2 Rg6 62. Bxh6 Kc6 63. Bd2 a4 64. Rh6 1-0

[Event "BUL-ch 69th"]
[Site "Pleven"]
[Date "2005.05.23"]
[Round "1"]
[White "Ninov, Nikolai"]
[Black "Cheparinov, Ivan"]
[Result "0-1"]
[WhiteElo "2486"]
[BlackElo "2621"]
[PlyCount "74"]
[EventDate "2005.05.23"]
[EventType "tourn"]
[EventRounds "13"]
[EventCountry "BUL"]
[EventCategory "8"]
[Source "ChessBase"]
[SourceDate "2005.07.11"]

1. e4 e5 2. Nf3 Nc6 3. Bc4 Nf6 4. Ng5 d5 5. exd5 Nd4 6. c3 b5 7. Bf1 Nxd5 8.
cxd4 Qxg5 9. Nc3 exd4 10. Bxb5+ Kd8 11. Bc6 Nf4 12. Bxa8 Nxg2+ 13. Kf1 Bh3 14.
d3 Nf4+ 15. Ke1 dxc3 16. bxc3 Bc5 17. d4 Re8+ 18. Kd2 Nd5+ 19. f4 Qg2+ 20. Kd3
Qe4+ 21. Kc4 Nb6+ 22. Kxc5 Qe7+ 23. Kb5 Bd7+ 24. Ka6 Qd6 25. Qb3 Nxa8+ 26. Ka5
Bc8 27. c4 Re6 28. Qb5 Nb6 29. f5 Nxc4+ 30. Qxc4 Qb6+ 31. Ka4 Bd7+ 32. Ka3 Qa5+
33. Kb2 Rb6+ 34. Qb3 Ba4 35. f6 Bxb3 36. axb3 Qd5 37. fxg7 Qxb3# 0-1

[Event "Bucharest op"]
[Site "Bucharest"]
[Date "2005.09.19"]
[Round "4"]
[White "Nevednichy, Vladislav"]
[Black "Vajda, Albert"]
[Result "0-1"]
[WhiteElo "2583"]
[BlackElo "2439"]
[PlyCount "97"]
[EventDate "2005.09.17"]
[EventType "swiss"]
[EventRounds "9"]
[EventCountry "ROM"]
[Source "ChessBase"]
[SourceDate "2005.11.04"]

1. e4 e5 2. Nf3 Nc6 3. Bc4 Nf6 4. Ng5 d5 5. exd5 Nd4 6. c3 b5 7. Bf1 Nxd5 8. h4
h6 9. Nxf7 Kxf7 10. cxd4 exd4 11. Qf3+ Kg8 12. Bxb5 Be6 13. Bc4 c6 14. h5 Qd7
15. O-O Bg4 16. Qd3 Bc5 17. b4 Bf5 18. Qb3 Rb8 19. a3 Kh7 20. d3 a5 21. Nd2 Nc3
22. Ne4 axb4 23. Qc2 Be7 24. Re1 Rhf8 25. Ng3 Bd6 26. axb4 Bxb4 27. Bd2 Kh8 28.
Bf4 Rbe8 29. Re5 Bg4 30. Rae1 Rxe5 31. Bxe5 Re8 32. Qc1 Kh7 33. f3 Be6 34. Bxe6
Qxe6 35. Qc2 Qa2 36. Qxa2 Nxa2 37. Re2 Nc1 38. Re4 c5 39. Nf5 Nxd3 40. Bxg7
Rxe4 41. fxe4 Nf4 42. Bxh6 Nxh5 43. e5 c4 44. Kf1 d3 45. g4 Ng3+ 46. Nxg3 Kxh6
47. Nf5+ Kg5 48. e6 c3 49. Nd4 0-1

[Event "Budapest FS02 GM"]
[Site "Budapest"]
[Date "2006.02.04"]
[Round "1"]
[White "Muzychuk, Anna"]
[Black "Antic, Dejan"]
[Result "1/2-1/2"]
[WhiteElo "2417"]
[BlackElo "2505"]
[PlyCount "131"]
[EventDate "2006.02.04"]
[EventType "tourn"]
[EventRounds "13"]
[EventCountry "HUN"]
[EventCategory "8"]
[Source "ChessBase"]
[SourceDate "2006.03.10"]

1. e4 e5 2. Nf3 Nc6 3. Bc4 Nf6 4. Ng5 d5 5. exd5 Nd4 6. c3 b5 7. Bf1 Nxd5 8.
Ne4 Ne6 9. Bxb5+ Bd7 10. Bxd7+ Qxd7 11. d4 exd4 12. cxd4 g6 13. Nbc3 Bg7 14.
Bh6 Bxh6 15. Nxd5 O-O-O 16. Nec3 c6 17. Ne3 Qxd4 18. Qe2 Qd3 19. Qxd3 Rxd3 20.
Ke2 Nf4+ 21. Kf3 Rhd8 22. Rhd1 f5 23. g3 Nh3 24. Rxd3 Rxd3 25. Re1 Rd2 26. Ned1
Kd7 27. Kg2 Ng5 28. Re2 Rxe2 29. Nxe2 Kd6 30. Ndc3 Kc5 31. f4 Ne6 32. Kf3 Nd4+
33. Ke3 Nxe2 34. Kxe2 Kc4 35. Kd2 Bg7 36. Nd1 Kd4 37. Nc3 Bf8 38. Ke2 Bc5 39.
Nd1 a5 40. Ne3 a4 41. Nc2+ Ke4 42. Ne1 Be7 43. Nd3 Bd6 44. Ne1 h6 45. Nf3 Be7
46. Nd2+ Kd4 47. Nf3+ Ke4 48. Nd2+ Kd5 49. Nf3 Bd8 50. Ne5 Bf6 51. Nxg6 Bxb2
52. Ne7+ Ke4 53. Nxc6 Bf6 54. Nb4 Bd4 55. Nd3 h5 56. Ne1 Bc3 57. Nf3 Bf6 58. h3
Be7 59. Ng5+ Kd4 60. Ne6+ Ke4 61. h4 Bb4 62. Ng7 Bc3 63. Ne6 Bb4 64. Ng5+ Kd4
65. Ne6+ Ke4 66. Ng5+ 1/2-1/2

[Event "Pardubice op-A"]
[Site "Pardubice"]
[Date "2006.07.28"]
[Round "8"]
[White "Tjurin, Alexander P"]
[Black "Sofronie, Iulian"]
[Result "1/2-1/2"]
[WhiteElo "2344"]
[BlackElo "2410"]
[PlyCount "73"]
[EventDate "2006.07.21"]
[EventType "swiss"]
[EventRounds "9"]
[EventCountry "CZE"]
[Source "ChessBase"]
[SourceDate "2006.09.14"]

1. e4 e5 2. Nf3 Nc6 3. Bc4 Nf6 4. Ng5 d5 5. exd5 Nd4 6. c3 b5 7. Bf1 Nxd5 8.
cxd4 Qxg5 9. Bxb5+ Kd8 10. Qf3 Bb7 11. O-O exd4 12. d3 Qe5 13. Na3 Bd6 14. Qh3
Nf6 15. f4 Qe2 16. Nc4 Bc8 17. f5 Bd7 18. Bxd7 Kxd7 19. Bf4 Bxf4 20. Rxf4 Rad8
21. Rf2 Qe7 22. Qf3 Qc5 23. Rc1 Rhe8 24. Qg3 Kc8 25. Rfc2 Rd7 26. Qxg7 Qe7 27.
Qg3 Nd5 28. Qf3 Qg5 29. Rf1 h5 30. b4 Qg4 31. a3 f6 32. Qxg4 hxg4 33. Kf2 Ne3
34. Re1 g3+ 35. hxg3 Ng4+ 36. Kf1 Nh2+ 37. Kf2 1/2-1/2

[Event "Tatry Open"]
[Site "Tatranske Zruby SVK"]
[Date "2008.10.03"]
[Round "8"]
[White "Klima, L."]
[Black "Vul, A."]
[Result "1-0"]
[WhiteElo "2439"]
[BlackElo "2332"]
[PlyCount "73"]
[EventDate "2008.09.27"]
[SourceDate "1999.07.01"]

1. e4 e5 2. Nf3 Nc6 3. Bc4 Nf6 4. Ng5 d5 5. exd5 Nd4 6. c3 b5 7. Bf1 Nxd5 8. h4
h6 9. Ne4 Ne6 10. Bxb5+ Bd7 11. Bf1 Be7 12. d3 O-O 13. Qf3 Bc6 14. Na3 f5 15.
Ng3 Bxa3 16. bxa3 Nef4 17. Qd1 Nxc3 18. Qc2 Nfd5 19. Bb2 f4 20. Ne4 Ba4 21. Qd2
Nxe4 22. dxe4 Nb6 23. Rc1 Qxd2+ 24. Kxd2 Rad8+ 25. Ke1 Rf7 26. Be2 Re7 27. Rh3
Kf7 28. Rhc3 c6 29. Rc5 Kf6 30. Ra5 Rd6 31. Bc3 Rd8 32. Bb4 Red7 33. Rxa4 Nxa4
34. Rxc6+ Kf7 35. Bc4+ Ke8 36. Re6+ Kf7 37. Rxh6+ 1-0

[Event "SuperLiga-ROM"]
[Site "Eforie Nord ROM"]
[Date "2008.09.06"]
[Round "6"]
[White "Baratosi, D."]
[Black "Danilov, V."]
[Result "1-0"]
[WhiteElo "2433"]
[BlackElo "2426"]
[PlyCount "55"]
[EventDate "2008.09.01"]
[SourceDate "1999.07.01"]

1. e4 e5 2. Nf3 Nc6 3. Bc4 Nf6 4. Ng5 d5 5. exd5 Nd4 6. c3 b5 7. cxd4 bxc4 8.
dxe5 Nxd5 9. Qf3 Qd7 10. O-O Bb7 11. b3 cxb3 12. axb3 Bc5 13. Nc3 O-O 14. Nxd5
Bxd5 15. Qd3 Rfd8 16. Qxh7+ Kf8 17. Qh8+ Ke7 18. Qh4 Qf5 19. Ra5 Rh8 20. Qg3
Rh5 21. d4 Bb4 22. Rxd5 c6 23. e6 cxd5 24. Qc7+ Kf8 25. Qb7 Rd8 26. Qxb4+ Kg8
27. exf7+ Kh8 28. Qe7 1-0